[Event "Bundesliga 9697"]
[Site "Germany"]
[Date "1997.??.??"]
[Round "?.1"]
[White "Dautov, Rustem"]
[Black "Rogers, Ian"]
[Result "1-0"]
[WhiteElo "2590"]
[BlackElo "2600"]
[Annotator "Dautov,R"]
[PlyCount "77"]
[EventDate "1996.10.12"]
[EventType "team-tourn"]
[EventRounds "15"]
[EventCountry "GER"]
[SourceTitle "GER-chT"]
[Source "ChessBase"]
[SourceDate "1999.07.01"]
[SourceVersion "1"]
[SourceVersionDate "1999.07.01"]
[SourceQuality "1"]
[WhiteTeam "St Ingbert"]
[BlackTeam "Delmenhorst"]
[WhiteTeamCountry "GER"]
[BlackTeamCountry "GER"]

1. d4 Nf6 2. c4 e6 3. Nf3 c5 4. d5 b5 5. Bg5 h6 6. Bxf6 Qxf6 7. Qc2 $5 (7. Nc3
b4 8. Nb5) 7... Bb7 $6 {N} (7... exd5 8. cxd5 $14) (7... g5 8. Nc3 b4 9. Ne4
Qg6 (9... Qg7 10. g3 $14) 10. g3 f5 11. Ned2 Bg7 12. dxe6 Qxe6 13. Bg2 Nc6 14.
Nb3 $16 {Lymar-Fatalibekova/Moscow (w) 1995}) (7... b4 8. Nbd2 $1 (8. e4 g5 9.
Nbd2 g4 10. Ng1 Bg7 11. Rb1 d6 12. Bd3 Nd7 13. Ne2 Ne5 14. O-O h5 $15 {Nikolic,
Pr-Miles,A/Tunis izt 1985}) 8... g5 9. g3 Bb7 (9... Bg7 10. O-O-O $5 {/\Ne4})
10. e4 g4 11. Nh4 Bg7 12. Rb1 a5 (12... d6 13. h3 $14) 13. Be2 h5 14. O-O a4
15. Rfe1 $1 O-O 16. e5 Qxe5 17. Bxg4 Qg5 18. Bf3 $16 {Tunik,G-Abrashkin,B/
Saratov 1993}) 8. e4 b4 9. Nbd2 e5 (9... g5 $2 10. e5 Qf4 (10... Qd8 11. Ne4
$16) 11. h3 $16 {/\g3}) (9... d6 10. a3 $16) 10. g3 g6 11. a3 Na6 12. Bh3 $16 {
><d7} Bg7 13. O-O Bc8 14. Ne1 h5 (14... bxa3 15. bxa3 $16 {פa6}) 15. Nd3 h4
16. Kg2 hxg3 17. hxg3 Qb6 18. f4 (18. Qa4 $5 $16) 18... exf4 19. gxf4 $2 (19.
e5 $1 Rxh3 (19... fxg3 20. Ne4 O-O 21. Qd2 {/\Nf6} f5 22. exf6 Bxf6 23. Qh6 Bg7
24. Rxf8+ Bxf8 25. Qh4 Bg7 26. Ng5 $18) 20. Kxh3 d6+ 21. Kg2 Bf5 (21... dxe5
22. Rae1 $16) 22. gxf4 dxe5 23. Rae1 $16) 19... bxa3 20. Rxa3 Nb4 21. Nxb4 cxb4
$132 22. Raf3 (22. c5 Qb5 23. Raf3 Ba6 $13) 22... d6 23. Bxc8 (23. Qa4+ Kd8 $13
) 23... Rxc8 24. e5 $1 dxe5 25. f5 gxf5 $2 (25... Qd4 $1 26. Ne4 Qxd5 27. Rd1 (
27. fxg6 f5 $1 28. Rxf5 Rh4 29. cxd5 Rxc2+ 30. R1f2 Rxf2+ 31. Nxf2 e4 $11)
27... Rxc4 28. Qxc4 (28. Qa4+ $2 Qc6 29. Nd6+ Kf8 30. Qxc6 Rxc6 31. fxg6 Rh6
$17) 28... Qxd1 29. Qc8+ Ke7 30. Qb7+ Ke8 31. Qc8+ $11) 26. Qxf5 $16 Rc7 (26...
Qg6+ 27. Qxg6 fxg6 28. Ne4 Bf8 29. c5 $18) 27. Ne4 $138 Qh6 (27... Rd7 28. d6
Qc6 29. c5 Rh4 30. Re1 $40 {/\Rg3}) 28. Rh3 Qxh3+ 29. Qxh3 Rxh3 30. Kxh3 Bf8
31. b3 Bc5 (31... a5 32. d6 Rc6 33. c5 a4 34. bxa4 Ra6 35. Nf6+ Kd8 36. Ng4 $1
Ke8 37. Nxe5 $18) 32. Kg4 $6 (32. Ra1 $1 Bd4 (32... f5 33. Nxc5 Rxc5 34. Rxa7
$16) 33. Ra6 $16 {/\Kg4-f5}) 32... Bd4 $1 {/\a5-a4} (32... a5 $2 33. Ra1 Bb6
34. Kf5 $18) 33. Rh1 a5 34. d6 (34. Rh8+ Kd7 35. Rf8 a4 36. Rxf7+ Kc8 $132)
34... f5+ $2 $138 (34... Rc6 35. Kf5 (35. Nf6+ Kf8 36. Kf5 Rxd6 37. Rh8+ Kg7
$11) 35... Kd7 36. Rh7 Rc8 $1 (36... Rxd6 $2 37. Rxf7+ Kc6 38. Nxd6 Kxd6 39.
Rf6+ Kc5 40. Ra6 $18) 37. Rxf7+ Kc6 $132 {/\a4}) 35. Kxf5 $18 Rg7 36. Ke6 Rg6+
37. Kd5 a4 38. bxa4 b3 39. Rh8+ $138 1-0

[Event "Jakarta zt"]
[Site "Jakarta"]
[Date "1993.??.??"]
[Round "8"]
[White "Barus, Cerdas"]
[Black "Rodriguez, Ruben"]
[Result "1-0"]
[WhiteElo "2375"]
[BlackElo "2415"]
[Annotator "Dautov,R"]
[PlyCount "125"]
[EventDate "1993.01.??"]
[EventType "swiss"]
[EventRounds "11"]
[EventCountry "INA"]
[SourceTitle "CBM 035"]
[Source "ChessBase"]
[SourceDate "1993.08.01"]
[SourceVersion "1"]
[SourceVersionDate "1993.08.01"]
[SourceQuality "1"]

1. d4 Nf6 2. c4 e6 3. Nf3 c5 4. d5 b5 5. Bg5 h6 6. Bxf6 Qxf6 7. Qc2 exd5 8.
cxd5 Na6 (8... d6 9. e4 a6 10. a4 b4 11. Nfd2 Be7 12. Nc4 Nd7 13. Nbd2 $16 {ECO
}) 9. Nc3 Rb8 10. e4 c4 11. e5 Qf4 12. d6 Bb7 13. Ne2 {N} (13. Qd2 $1 Qxd2+ (
13... Qf5 14. O-O-O $1 {/\Nd4} Bxf3 15. gxf3 {/\f4} Qxe5 (15... Qxf3 16. Be2
Qxf2 17. Rhf1 Qxh2 18. Qd5 $18 {->}) 16. Bxc4 $18) 14. Nxd2 Bc6 (14... Nb4 15.
O-O-O (15. Nxb5 Nc2+ 16. Kd1 Nxa1 17. Nxc4 Be4 $13) 15... a6 16. a3 Nc6 17. Re1
g5 18. h4 $16) 15. a4 Nb4 16. axb5 Nc2+ 17. Kd1 Nxa1 18. bxc6 dxc6 19. Nxc4 Nb3
20. g3 Nd4 21. f4 g5 22. Kd2 gxf4 23. gxf4 h5 24. Bh3 Bh6 25. Kd3 $16 {
Legky-Sher/URS/1980}) 13... Qe4 14. Qxe4 Bxe4 15. Nfd4 (15. Nc3 $5 Bxf3 16.
gxf3 f6 17. f4 g5 18. O-O-O Bg7 19. Bh3 Nc5 $132) 15... f6 16. f4 Nb4 17. Nc3
Nd3+ 18. Kd2 Bh7 19. Bxd3 Bxd3 20. Ncxb5 g5 $44 21. Rhe1 (21. g3 Bg7 22. Rhe1
fxe5 $1 (22... Kf7 23. e6+ dxe6 24. Rxe6 $16) 23. fxe5 Kf7 $132 {~/=}) 21...
gxf4 22. Kc3 (22. exf6+ Kf7 23. Re7+ Bxe7 (23... Kxf6 24. Rxd7 a6 25. Nc7 Rxb2+
26. Kc3 Rxg2 27. Nd5+ Kg5 28. Ne6+ $16) 24. fxe7 a6 25. Nc7 Rxb2+ 26. Kc3 Rxg2
$13) 22... fxe5 23. Rxe5+ Kf7 24. Rae1 a6 25. Re7+ $1 Bxe7 26. Rxe7+ Kg6 27.
Nc7 {~/=} Rbd8 (27... Rhd8 $6 28. Nd5 $36) (27... Rhf8 $5 {/\} 28. Rxd7 Rbd8
29. Rxd8 Rxd8) 28. b3 (28. Nxa6 Rhf8 29. Nc5 (29. Nc7 $6 Bf1 $1) 29... Rf6 30.
a4 Bf1 $132) 28... cxb3 (28... Rhf8 $2 29. bxc4 Bf1 30. Nf3 $1) 29. axb3 (29.
Kxd3 bxa2 30. Re1 Rb8 31. Ra1 Rb2 32. Nc2 Rhb8 $10) 29... Bf1 30. Re1 Bb5 $10
31. Kb4 Bd3 (31... Rhg8 32. Nd5 $1 (32. Kc5 Kh5 33. Nd5 Rdf8 $17 {><g2}) 32...
Rgf8 $10) 32. Kc5 a5 $6 (32... Rhf8 $10) 33. Re7 Rhf8 34. Nf3 Bf1 $2 (34... Bf5
$10) 35. Re1 $1 Rf5+ 36. Kd4 Rf6 (36... Bxg2 37. Rg1 $1 (37. Nh4+ $2 Kg5 38.
Nxg2 f3 39. Ne3 f2 40. Rf1 Rf3 $10) 37... Kh7 38. Rxg2 Rg8 39. Re2 $16) 37.
Ne5+ (37. Rxf1 Rxd6+ 38. Ke4 $16) 37... Kf5 38. Rxf1 Rxd6+ 39. Kc5 Rd2 (39...
Rf6 40. g4+ $2 Kg5 $13 (40... Kxe5 $4 41. Re1#)) (39... Rf6 40. Kd5 $1 $16 Rb6
$2 41. g4+ Kg5 42. Nf7+ $18) 40. Nc4 Re2 41. Nd5 Kg5 42. Nxf4 $18 Re4 43. Nh3+
Kg6 44. Kd5 Rde8 45. Nf4+ Kg5 46. Nd3 {/\Nd6} Re2 47. Rf7 Rb8 48. Nd6 {/\Ne4}
Rd2 49. Kc4 Rc2+ 50. Kd4 h5 51. h4+ $5 Kxh4 52. Rg7 Rf8 53. Ke3 $6 {/\Nf4,g3} (
53. Ne5 Rd2+ 54. Kc5 Rc2+ 55. Kb5 Rb8+ 56. Ka6 Rf2 57. Ne4 Rf5 58. Nd2 $18)
53... Rc3 54. Ke4 Rxb3 55. Nf4 Rf6 (55... Rb4+ {>=} 56. Ke5 Rbxf4 57. g3+ Kh3
58. gxf4 a4 59. Rxd7 h4 60. Ra7 Kg2 61. Rxa4 h3 62. Ra2+ Kg1 63. Nf5 $18) 56.
Nf5+ Rxf5 57. Kxf5 Rb5+ $2 (57... a4 $142 $1 $132) 58. Ke4 Rb4+ 59. Ke3 Rb3+
60. Kf2 Rb2+ 61. Kg1 Rb1+ 62. Kh2 Rb2 63. Rg3 1-0

[Event "Dos Hermanas"]
[Site "Dos Hermanas"]
[Date "1993.??.??"]
[Round "2"]
[White "Epishin, Vladimir"]
[Black "Fernandez Garcia, Jose Luis"]
[Result "1-0"]
[WhiteElo "2620"]
[BlackElo "2475"]
[Annotator "Dautov,R"]
[PlyCount "69"]
[EventDate "1993.04.??"]
[EventType "tourn"]
[EventRounds "9"]
[EventCountry "ESP"]
[EventCategory "14"]
[SourceTitle "CBM 036"]
[Source "ChessBase"]
[SourceDate "1993.10.01"]
[SourceVersion "1"]
[SourceVersionDate "1993.10.01"]
[SourceQuality "1"]

1. d4 Nf6 2. c4 e6 3. Nf3 c5 4. d5 b5 5. Bg5 Qa5+ 6. Nc3 Ne4 7. Bd2 Nxd2 8.
Nxd2 $5 {N} (8. Qxd2 b4 (8... bxc4 9. e4 Be7 (9... Ba6 10. Ne5 $16) 10. Bxc4
Ba6 11. Nb5 Qb6 12. a4 O-O 13. O-O $16 {ECO}) 9. Ne4 (9. Nd1 $1 d6 10. e4 $14)
9... Be7 10. Ng3 d6 11. e4 Nd7 12. dxe6 (12. Bd3 $5) 12... fxe6 13. e5 Nxe5 14.
Nxe5 dxe5 15. Bd3 $44 O-O 16. O-O g6 17. Rfe1 Qc7 18. Qe3 Bd7 19. Qxe5 Qxe5 20.
Rxe5 $10 {Manninen-Ernst,Th/Oestersund zt/1992}) 8... b4 9. Nce4 f5 $6 (9...
Bb7 10. Nb3 (10. Nf3 Be7 (10... exd5 11. cxd5 b3+ $2 12. Nc3 $16) 11. Ng3 exd5
12. cxd5 b3+ 13. Nd2 bxa2 (13... Bxd5 14. e4 Be6 15. axb3 Qb6 16. Bc4) 14. Qb3
Na6 15. Qxb7 $2 Rb8 16. Qxa7 Rxb2 $19) 10... Qb6 11. e3 (11. g3 exd5 12. cxd5
c4 13. Nbd2 Bxd5 14. Bg2 Qc6 $15) (11. Rc1 $5) 11... Be7 12. Be2 O-O 13. O-O
$13) 10. Ng3 Bd6 11. e4 $36 O-O (11... f4 $2 12. e5 $1 fxg3 13. exd6 gxf2+ 14.
Kxf2 O-O+ 15. Nf3 $16) 12. Bd3 Be5 {/\f4} (12... f4 $2 13. e5 $1 Bxe5 (13...
fxg3 14. hxg3 $18) 14. Qh5 g6 15. Qxe5 fxg3 16. hxg3 $16) 13. exf5 exd5 14. f6
$1 (14. cxd5 Bxb2 15. Rb1 Bc3 16. O-O Ba6 $13) 14... Bxf6 (14... Rxf6 {>=} 15.
O-O (15. Qh5 $6 g6 16. Qxe5 Re6 $19) 15... d6 (15... Bxb2 16. Rb1 $16 {/\Qh5})
16. Qc2 (16. cxd5 Ba6 17. Bxa6 Qxa6) 16... g6 17. cxd5 Ba6 18. Bxa6 Qxa6 19.
Nge4 $14) 15. Qh5 g6 16. Qxd5+ Kg7 17. Nge4 $1 (17. Qxa8 Nc6 18. O-O Ba6 19.
Qxf8+ Kxf8 $13) 17... Qc7 (17... Bxb2 18. Rb1 Bc3 (18... Qxa2 19. Qxa8 Nc6 20.
Nxc5 Bc3 (20... Bd4 21. Ne6+ dxe6 22. Qxc6 Bxf2+ 23. Ke2 $18) 21. O-O Qxd2 (
21... Ba6 22. Ne6+ $1 $16) 22. Rbd1 $16) 19. Nxc3 bxc3 20. Qe5+ $1 Kg8 21. Nb3
$16) 18. Nxf6 Rxf6 19. Be4 $16 Rb6 20. Nb3 $1 (20. Qxa8 Nc6 21. Bxc6 dxc6 22.
O-O Rb8 23. Qxb8 Qxb8 24. Rfe1 $16) 20... Bb7 (20... d6 $2 21. Qxa8 $18) 21.
Qxc5 Qxc5 22. Nxc5 Bxe4 23. Nxe4 Rc6 24. b3 Ra6 25. Ke2 Nc6 26. Rhd1 Rd8 27.
Rd2 Nb8 28. Ke3 Re8 29. f3 Re5 30. c5 $18 Ra5 31. Rc1 Kh6 32. g4 Kg7 33. Rc4
Rb5 34. Rdd4 a5 35. Kf4 (35. Kf4 Re7 36. Nd6 $18) 1-0

[Event "Bad Homburg"]
[Site "Bad Homburg"]
[Date "1998.07.23"]
[Round "6"]
[White "Dautov, Rustem"]
[Black "Lobron, Eric"]
[Result "0-1"]
[WhiteElo "2625"]
[BlackElo "2540"]
[Annotator "Dautov,R"]
[PlyCount "120"]
[EventDate "1998.07.17"]
[EventType "tourn"]
[EventRounds "9"]
[EventCountry "GER"]
[EventCategory "13"]
[SourceTitle "CBM 066"]
[Source "ChessBase"]
[SourceDate "1998.09.30"]
[SourceVersion "1"]
[SourceVersionDate "1998.09.30"]
[SourceQuality "1"]

1. d4 Nf6 2. Nf3 e6 3. c4 c5 4. d5 b5 5. Bg5 Qa5+ 6. Qd2 Qxd2+ 7. Nbxd2 exd5 (
7... Na6 8. e4 (8. O-O-O exd5 9. Bxf6 gxf6 10. cxd5 Nb4 11. e4 Nxa2+ 12. Kb1
Nb4 13. Bxb5 Rb8 $132) 8... Nb4 9. Kd1 bxc4 (9... Ng4 10. Bh4 Be7 11. h3 $1
Bxh4 12. hxg4 Bxf2 13. a3 exd5 14. cxb5 Bb7 15. e5 $16 {Schroll,G-Hoelzl,F/
AUT-ch 1991}) 10. Bxc4 Be7 11. Re1 exd5 (11... Bb7 12. d6 $1) 12. exd5 Nbxd5
13. Ne4 Kf8 14. Bxd5 Nxd5 15. Bxe7+ Nxe7 16. Nxc5 $14) 8. Bxf6 gxf6 9. cxd5 Na6
$146 (9... d6 10. e4 a6 11. a4 b4 12. Nc4 Nd7 13. Nh4 Kd8 {Arkell,K-Bjerring,K/
Lyngby 1991} 14. a5 $16) 10. e4 Rb8 (10... Nb4 11. Kd1 Rb8 12. a3 Na6 13. a4
Nc7 (13... b4 14. Nh4 $16) 14. axb5 Nxb5 15. Bxb5 (15. Kc2 a6 16. Bd3 $14)
15... Rxb5 16. Rxa7 Rxb2 17. Ra8 Kd8 18. Kc1 Rb4 19. Kc2 $36) 11. Be2 Nc7 12.
O-O Bd6 $5 {/\Kd8,Re8} (12... d6 13. a4 bxa4 14. Rxa4 a6 15. Nc4 Bd7 16. Ra2
$14) 13. a4 a6 14. axb5 axb5 15. Ra7 $2 (15. Rfc1 Kd8 16. Nb3 c4 17. Nbd4 Re8
18. Nf5 Bf4 19. d6 Nd5 $13) (15. Rfe1 Kd8 16. Nf1 Re8 17. Bd3 c4 18. Bc2 $14 {
/\Ne3-f5}) (15. Nh4 $1 Bf4 (15... Be5 16. Ra7 Kd8 (16... Rb7 17. Rfa1 Kd8 18.
Rxb7 Bxb7 19. Nf5 $16) 17. Nf5 Bxb2 18. Rb1 Be5 19. Nc4 b4 20. Nxe5 fxe5 21.
Ra5 $16) 16. Nb3 $1 c4 (16... d6 17. Ra7 Kd8 18. Na5 Bd7 19. Bh5 $16) 17. Nd4
Be5 18. Nhf5 $16) 15... Kd8 16. b3 $2 Re8 17. Bd3 Na6 $1 (17... f5 $2 18. Ng5
Re7 19. Nxh7 $16) 18. Ra1 Nb4 (18... Rb6 $1 {/\Bb8} 19. Bxb5 (19. Ra8 Bb8 {
/\Bb7}) 19... Rxb5 20. R1xa6 Bxa6 21. Rxa6 Kc7 $1 22. g3 (22. Nc4 $2 Rxb3 23.
Nfd2 Rxe4 $1 24. g3 Rxc4 25. Nxc4 Be5 $17) 22... Rb6 23. Ra7+ Rb7 24. Ra6 $15)
19. Bf1 Rb6 $2 (19... f5 $1 20. Re1 (20. exf5 Nxd5 21. Ng5 Bf4 22. Ndf3 f6 $17)
(20. Ng5 $2 Bf4 $17) 20... f6 $15) 20. R7a5 Ba6 21. Rc1 $2 (21. g3 $1 $14 f5 $2
22. exf5 Kc7 23. Nb1 $1 $16 {/\Nc3}) 21... f5 $1 22. e5 $1 (22. exf5 Nxd5 23.
Rca1 Nc7 $17) 22... Bxe5 23. Rxc5 $6 (23. Nxe5 Rxe5 24. Rxc5 Rxd5 (24... d6 $2
25. Nf3 Rxd5 26. Rxd5 Nxd5 27. Nd4 $14) 25. Rxd5 Nxd5 26. Bd3 Nc3 (26... Re6
27. Nf3) 27. Bxf5 Rd6 28. f3 $11) 23... Bd6 24. Rcxb5 $2 $138 (24. Rc1 Nxd5 25.
Nd4 Bf4 (25... Bb4 26. Ra2) (25... Nc7 26. Nxf5 Bf4 27. Rd1) 26. Rca1 Nc7 27.
N2f3 $44) 24... Bxb5 25. Bxb5 Rb8 26. Bc4 Ke7 27. Nf1 Ra8 $19 28. Rb5 Reb8 29.
Rxb8 Bxb8 30. g3 Ba7 31. Nh4 Kf6 32. Ng2 Bc5 33. Nge3 Ra2 34. Kg2 Rb2 35. Kf3
d6 36. Nd1 Ra2 37. Nfe3 Bd4 (37... Nc2 38. Nxc2 (38. b4 Ne1+ 39. Kf4 Bxe3+ 40.
Kxe3 Ra4 $19) 38... Rxc2 39. Ne3 Rc3 $19) 38. Bf1 Rd2 39. Bh3 Bxe3 (39... Nd3
$1 $19) 40. Nxe3 Nxd5 (40... f4 $142) 41. Bxf5 h6 42. Nc4 Ra2 43. Bg4 (43. Bc8
Ke7 44. Bb7 Nc3 $19) 43... Ke7 44. h4 Rc2 45. Kg2 Rc3 46. Bd1 Ke6 47. Na3 Rc1
48. Bh5 Nf6 49. Be2 d5 50. Nb5 Ke5 51. Bd3 d4 52. Kf3 Nd5 53. Ke2 Nb4 54. Bh7
Ra1 55. f4+ Kd5 56. Nc7+ Kc5 57. Ne8 Ra2+ 58. Kf3 d3 59. Ng7 d2 60. Ke2 Nd5 0-1

[Event "Keres Memorial-05"]
[Site "Tallinn"]
[Date "1985.02.23"]
[Round "3"]
[White "Ehlvest, Jaan"]
[Black "Rogers, Ian"]
[Result "1-0"]
[WhiteElo "2505"]
[BlackElo "2485"]
[Annotator "Dolmatov,S"]
[PlyCount "91"]
[EventDate "1985.02.21"]
[EventType "tourn"]
[EventRounds "15"]
[EventCountry "URS"]
[EventCategory "9"]
[SourceTitle "MCL"]
[Source "ChessBase"]
[SourceDate "1999.07.01"]
[SourceVersion "1"]
[SourceVersionDate "1999.07.01"]
[SourceQuality "1"]

1. Nf3 Nf6 2. d4 e6 3. c4 c5 4. d5 b5 5. dxe6 fxe6 6. cxb5 d5 7. Nc3 $5 Bb7 $6
(7... Bd6 $6 8. e4 $16) (7... d4 $1 8. Nb1 Qa5+ (8... Bd6 9. e3 e5 10. exd4
exd4 11. Bc4 $16) 9. Bd2 Qxb5 10. Na3 Qxb2 11. Nc4 Qb7 12. e3 $13) 8. e4 dxe4
9. Qxd8+ Kxd8 10. Ne5 $1 (10. Ng5 $6 Ke7 11. Be3 Nbd7 12. Bc4 Bd5 $132 {/\ h6})
10... Ke8 11. Bf4 Bd6 (11... Nbd7 12. Nxd7 Kxd7 13. O-O-O+ Ke7 14. Bc4 Kf7 15.
Be5 $16) 12. Rd1 Bd5 13. Ng6 hxg6 (13... Bxf4 $2 14. Nxf4 $16) 14. Bxd6 Nbd7
15. Be2 $14 Kf7 16. O-O Rac8 (16... c4 $5 17. f3 exf3 18. Bxf3 Bxf3 19. Rxf3
$14) 17. b3 (17. f3 $5 exf3 18. Bxf3 Bxf3 19. Rxf3 $14) 17... Rhd8 18. Bf4 Nb6
{/\ Bb7,Nb-d5} 19. Be3 $5 Nfd7 $6 (19... Ke7 $5 {/\ Bb7}) 20. Rd2 (20. f3 $5
exf3 21. Bxf3 Nf6 22. Nxd5 Nbxd5 $14) 20... Ne5 21. Rfd1 {/\ Ne4} Rh8 22. Bf4
Kf6 (22... Ned7 23. a4 $1 $16) 23. Bf1 (23. a4 $6 Bxb3 24. Nxe4+ Kf5) 23... Kf5
(23... Nf7 24. Re1 g5 25. Bg3 $16) 24. Bxe5 Kxe5 25. Re1 $18 Rhd8 26. Nxe4 Bxe4
27. Rde2 Rd4 28. f3 Rcd8 29. Rxe4+ Rxe4 30. Rxe4+ Kf6 31. a4 Rd1 32. Kf2 Ra1
33. Bc4 Nd5 (33... Nxc4 34. Rxc4 Rb1 35. Rxc5 Rxb3 36. Rc6 $18 (36. Rc7 a6 37.
bxa6 Rb4 38. a7 Rxa4 39. h4 $16)) 34. Re2 g5 35. g3 Rh1 36. Kg2 Rc1 37. Kf2 Rh1
38. Kg2 Rc1 39. a5 Ra1 40. a6 Ra5 41. Kh3 Nc7 42. Kg4 e5 43. Rd2 Ke7 (43...
Nxb5 44. Rd7 $18 (44. b4 $2 Ra4)) 44. Kxg5 Nxb5 45. b4 Nd4 46. Rxd4 1-0

[Event "Hoogovens"]
[Site "Wijk aan Zee"]
[Date "1994.01.??"]
[Round "1"]
[White "Van Wely, Loek"]
[Black "Sokolov, Ivan"]
[Result "0-1"]
[WhiteElo "2570"]
[BlackElo "2650"]
[Annotator "Ftacnik,L"]
[PlyCount "90"]
[EventDate "1994.01.21"]
[EventType "tourn"]
[EventRounds "9"]
[EventCountry "NED"]
[EventCategory "14"]
[SourceTitle "CBM 040"]
[Source "ChessBase"]
[SourceDate "1994.06.01"]
[SourceVersion "1"]
[SourceVersionDate "1994.06.01"]
[SourceQuality "1"]

1. d4 Nf6 2. c4 e6 3. Nf3 c5 4. d5 b5 5. Bg5 Qa5+ 6. Nc3 Ne4 7. Bd2 Nxd2 8.
Qxd2 (8. Nxd2 b4 9. Ncb1 d6 10. e3 e5 $10) 8... b4 9. Ne4 Be7 10. e3 (10. Ng3
d6 11. e4 Nd7 (11... O-O 12. Bd3 exd5 13. exd5 Bg4 14. Qf4 Bxf3 15. gxf3 Qd8
16. Nf5 g6 17. Rg1 $40 {Manninen,M-Gausel,E/Ostersund zt/1992/}) 12. dxe6 fxe6
13. e5 Nxe5 14. Nxe5 dxe5 15. Bd3 $1 $44 {Manninen,M-Ernst,Th/Ostersund zt/
1992/}) 10... O-O 11. d6 $6 (11. Bd3 exd5 12. cxd5 d6 $13) (11. Be2 Bb7 12. O-O
exd5 13. cxd5 d6 14. a3 Nd7 15. Rfc1 Qb6 $13) 11... Bd8 12. Bd3 Bb7 13. O-O f5
14. Ng3 Qb6 15. Bc2 Bf6 (15... Bxf3 $5 16. gxf3 Nc6 $15) 16. e4 $5 (16. Rab1
Bxf3 17. gxf3 Nc6 $15) 16... Bxb2 (16... f4 $6 17. Qxf4 Bxb2 18. Qh4 Bxa1 (
18... Bf6 19. Qh5 Bxa1 20. e5 h6 21. Qg6 $18) 19. e5 h6 20. Rxa1 $44) 17. Rab1
(17. exf5 Bxf3 $1 18. fxe6 dxe6 19. Rab1 (19. Qd3 g6 20. gxf3 Bxa1 21. Rxa1 Nc6
$19) 19... Bd4 20. gxf3 Qxd6 $17) 17... Bc3 18. Qd3 g6 19. exf5 exf5 20. Nh4 $1
Kh8 $1 (20... Nc6 $2 21. Ngxf5 gxf5 (21... Ne5 22. Qg3) 22. Nxf5 Kh8 23. Nh6) (
20... Qd8 21. Ngxf5 gxf5 22. Nxf5 Qg5 23. Ne7+ Kf7 24. Qxh7+ Ke6 25. Nd5 $40)
21. Rfe1 (21. Ngxf5 gxf5 22. Nxf5 Rg8 23. Ne3 Rg7) (21. Qe3 Qxd6 22. Rbd1 Qf6
23. Qh6 Re8 $17) (21. Rb3 $5 Be5 $17) 21... Nc6 22. Ngxf5 $1 gxf5 23. Nxf5 Rg8
$1 (23... Ne5 $2 24. Rxe5 Bxe5 25. Nh6 $18) (23... Rf7 24. Nh6 Rg7 25. Qf5 $1
Nd4 (25... Rxg2+ 26. Kf1 Rg7 27. Nf7+ Kg8 28. Nh6+ $10) 26. Nf7+ Kg8 (26...
Rxf7 27. Qxf7 Nxc2 28. Re7 Be4 29. Re8+ Rxe8 30. Qxe8+ Kg7 31. Qxe4 $13) 27.
Nh6+ Kh8) 24. Ne3 $8 (24. Nh6 Rxg2+ 25. Kf1 Rg6 $19) 24... Rg7 25. Nd5 Qa6 (
25... Nd4 $6 26. Nxb6 Rxg2+ 27. Kf1 Rxh2 28. Nd5 Rf8 (28... Rg8 29. Qe4) 29.
Qg3 Rhxf2+ 30. Qxf2 Rxf2+ 31. Kxf2 Bxe1+ 32. Rxe1 Nxc2 33. Re8+ $16) 26. Nc7
Rxg2+ $1 (26... Nd4 27. Nxa6 Rxg2+ 28. Kh1 (28. Kf1 Rxh2 29. Re4 Rh1+ 30. Kg2
Rh4 31. f4 Rg8+ $40) 28... Rxf2+ (28... Rg3+ 29. Qe4) (28... Nxc2 29. Re4 Rxf2
30. Nxc5) 29. Re4 Rxc2 (29... Nxc2 30. Nxc5) (29... Rd2 30. Qh3) (29... Rf3 30.
Re8+ Rf8+ 31. Re4 Rf3 32. Qd1) 30. Nxc5 Bc6 $13) 27. Kh1 (27. Kxg2 Ne5+ 28. Kf1
Nxd3 29. Nxa6 Nxe1 $19) (27. Kf1 Rxh2 28. Nxa6 Rh1+ 29. Kg2 Ne5+ 30. Qe4 Bxe4+
31. Rxe4 Rxb1 32. Bxb1 Rg8+ $17) 27... Rg7 28. Nxa6 Ne5+ (28... Bxe1 $2 29. Qf3
$1 Rf7 30. Qxf7 Ne5+ 31. Kg1 Nxf7 32. Nxc5 $14) 29. Qe4 Bxe4+ 30. Rxe4 (30.
Bxe4 Bxe1 31. Bxa8 Bxf2 $17) 30... Rf8 31. Rf1 (31. Nxc5 $5 Rxf2 32. Nd3 Rxc2
33. Nxe5 Rxa2 $17) 31... Ng4 32. Nxc5 (32. f4 Bd4 33. Re2 Ne3 34. Rfe1 Rfg8 35.
h3 Rg3 $19) 32... Nxf2+ 33. Rxf2 Rxf2 34. Re8+ Rg8 35. Rxg8+ Kxg8 36. Bb3 Rf7
37. Kg2 (37. Nxd7 Rxd7 38. c5+ Kf8 39. Be6 Rg7 40. c6 Bd4 41. h3 Bb6 $19) 37...
Kf8 38. Ne4 Ke8 39. c5 Rf5 40. Ba4 Kd8 41. c6 Ra5 (41... dxc6 42. Bxc6 Ra5 43.
a4 bxa3 44. Nxc3 Rc5 $19) 42. c7+ Kc8 43. Bb3 Ra6 44. Bd5 Rb6 45. Bg8 h6 0-1

[Event "Budapest FS03 GM"]
[Site "Budapest"]
[Date "1996.??.??"]
[Round "7"]
[White "Gyimesi, Zoltan"]
[Black "Tolnai, Tibor"]
[Result "0-1"]
[WhiteElo "2545"]
[BlackElo "2450"]
[Annotator "Ftacnik,L"]
[PlyCount "58"]
[EventDate "1996.03.??"]
[EventType "tourn"]
[EventRounds "13"]
[EventCountry "HUN"]
[EventCategory "9"]
[SourceTitle "CBM 053"]
[Source "ChessBase"]
[SourceDate "1996.08.01"]
[SourceVersion "1"]
[SourceVersionDate "1996.08.01"]
[SourceQuality "1"]

1. d4 e6 2. c4 Nf6 3. Nf3 c5 4. d5 b5 5. Bg5 Qa5+ 6. Nc3 Ne4 7. Bd2 Nxd2 8.
Nxd2 (8. Qxd2) 8... b4 9. Nce4 (9. Ncb1 d6 {/\ e5=}) 9... f5 (9... Bb7 10. Nb3
Qb6 11. e3 Be7 12. Be2 O-O 13. O-O $13) 10. Ng3 g6 (10... Be7 11. e4 f4 12. Ne2
e5 13. g3 Qc7 14. gxf4 exf4 15. Nf3 Bd6 16. Qd2 O-O 17. O-O-O Re8 18. e5 Bxe5
19. d6 Qc6 20. Bg2 Bb7 21. Nxf4 Bxf4 22. Qxf4 Rf8 23. Qg5 Qe4 {0-1 Restas,
P-Csiszar,C/Budapest Spring op (06)/1996/ (32)}) (10... Bd6 11. e4 $36 O-O 12.
Bd3 Be5 {/\f4} 13. exf5 exd5 14. f6 $1 (14. cxd5 Bxb2 15. Rb1 Bc3 16. O-O Ba6
$13) 14... Bxf6 15. Qh5 g6 16. Qxd5+ Kg7 17. Nge4 $1 (17. Qxa8 Nc6 18. O-O Ba6
19. Qxf8+ Kxf8 $13) 17... Qc7 (17... Bxb2 18. Rb1 Bc3 19. Nxc3 bxc3 20. Qe5+ $1
Kg8 21. Nb3 $16) 18. Nxf6 Rxf6 19. Be4 $16 {1-0 Epishin,V-Fernandez Garcia,J/
Dos Hermanas (02)/1993/ (35)}) 11. e4 Bg7 12. exf5 (12. dxe6 Bxb2 (12... dxe6
13. exf5 Bxb2 14. Rb1 Bc3 15. fxg6) 13. Rb1 Bc3 14. exf5 dxe6 15. fxg6 Qxa2 $13
) 12... exf5 13. Nxf5 $6 (13. Qc2 d6 $15) 13... gxf5 14. Qh5+ Ke7 15. Bd3 Qb6
16. O-O Qg6 17. Rfe1+ Kd8 18. Qf3 (18. Qxf5 Qxf5 19. Bxf5 Bxb2 20. Rab1 Bc3 $19
) 18... Rf8 (18... d6 19. Re6 $1 Qg5 20. Rd1 $132) 19. d6 Qxd6 20. Qxa8 Nc6 21.
Bxf5 (21. Rad1 Kc7 (21... Qxd3 22. Nb3 Qxc4 23. Qxc6 $18) 22. Bc2 Ba6 $3 (22...
Qg6 $2 23. Nb3 Ba6 24. Nxc5 Rxa8 25. Rxd7+ Kc8 (25... Kb6 26. Na4+ Ka5 27. Rd5+
Bb5 28. Rxb5+ Ka6 29. Nc5#) 26. Bxf5 $18) (22... Bb7 23. Ne4 $1 Qe7 24. Qxb7+
Kxb7 25. Nd6+ Kb8 26. Rxe7 Nxe7 $13) 23. Re8 Bb7 24. Rxf8 Bxa8 25. Rxa8 Qe6 $17
) 21... Rxf5 22. Ne4 (22. Re8+ Kxe8 23. Qxc8+ Kf7 $19) 22... Qf8 23. Rad1 Bd4
24. Kh1 Kc7 25. a3 b3 26. Nd2 (26. Re2 Bb7 27. Qxf8 Rxf8 $17) 26... Rxf2 27.
Nxb3 Qg7 28. Rg1 Rxb2 29. Nxd4 cxd4 (29... cxd4 30. Rb1 Bb7 31. Qe8 Qxg2+ 32.
Rxg2 Rxb1+ 33. Rg1 Ne5#) 0-1